[Event "10th American Continental"]
[Site "Montevideo URU"]
[Date "2015.05.17"]
[Round "3.75"]
[White "Larrea, Osvaldo"]
[Black "Perez, Cecilia Manuela"]
[Result "0-1"]
[WhiteElo "1843"]
[BlackElo "1525"]
[WhiteFideId "3004546"]
[BlackFideId "3003191"]
[EventDate "2015.05.15"]
[EventType "swiss"]

1. f4 f5 2. Nf3 Nf6 3. e3 e6 4. b3 c6 5. Bb2 Be7 6. Bd3 O-O 7. O-O d6 8. Qe1 Ne4
9. Nc3 d5 10. Ne5 Nd7 11. Nxd7 Bxd7 12. Be2 Bh4 13. g3 Be7 14. d3 Nf6 15. Bf3
Qe8 16. Rd1 Rd8 17. e4 fxe4 18. dxe4 Bc8 19. e5 Nh5 20. Qe2 g6 21. Bxh5 gxh5 22.
Qd3 Rf5 23. Ne2 c5 24. Kg2 Qg6 25. Bc1 b6 26. Ng1 Bb7 27. h3 d4+ 28. Kh2 Kf7 29.
Nf3 Rg8 30. Rg1 Kf8 31. Rdf1 Rf7 32. Qxg6 Rxg6 33. Ne1 Be4 34. Rf2 Rfg7 35. Re2
Bf5 36. Nd3 Bh4 37. g4 hxg4 38. hxg4 Rxg4 39. Rxg4 Rxg4 40. Rg2 Rxg2+ 41. Kxg2
Kf7 42. Bd2 Kg6 43. Kf3 h5 44. Be1 Bxe1 45. Nxe1 h4 46. Ng2 Kh5 47. Ne1 h3 48.
Kg3 h2 49. Kxh2 Kg4 50. Kg2 Kxf4 51. Kf2 Kxe5 52. Kf3 Be4+ 53. Kg4 b5 54. Kg3 c4
55. bxc4 bxc4 56. Kf2 Kd5 57. Ke2 Bxc2 0-1

[Event "10th American Continental"]
[Site "Montevideo URU"]
[Date "2015.05.17"]
[Round "3.76"]
[White "Fein, Jorge"]
[Black "Anza, Vicenzo"]
[Result "0-1"]
[WhiteElo "1790"]
[BlackElo "1486"]
[WhiteFideId "3003914"]
[BlackFideId "3007510"]
[EventDate "2015.05.15"]
[EventType "swiss"]

1. e4 e5 2. Nf3 Nc6 3. Bc4 Bc5 4. c3 Nf6 5. d4 exd4 6. e5 d5 7. exf6 dxc4 8.
Qe2+ Be6 9. fxg7 Rg8 10. Bg5 Qd5 11. cxd4 Nxd4 12. Nxd4 Bxd4 13. Bf4 O-O-O 14.
Nc3 Bxc3+ 15. bxc3 Qxg2 16. Rf1 Bh3 17. Qxc4 Qxf1+ 18. Qxf1 Bxf1 19. Kxf1 Rxg7
20. Re1 Rg4 21. Bg3 f5 22. Re7 Rc4 23. Be5 f4 24. f3 h5 25. Rh7 Re8 26. Bd4 c5
27. Bf6 Re6 28. Bh8 Ra4 29. Rxh5 Rxa2 30. Rxc5+ Kd7 31. Rf5 Rb6 32. Rf7+ Ke8 0-1

[Event "10th American Continental"]
[Site "Montevideo URU"]
[Date "2015.05.17"]
[Round "4.1"]
[White "Bachmann, Axel"]
[Black "Pichot, Alan"]
[Result "1/2-1/2"]
[WhiteTitle "GM"]
[BlackTitle "IM"]
[WhiteElo "2636"]
[BlackElo "2504"]
[WhiteFideId "3700488"]
[BlackFideId "110973"]
[EventDate "2015.05.15"]
[EventType "swiss"]

1. c4 Nf6 2. Nc3 g6 3. d4 Bg7 4. e4 d6 5. Nf3 O-O 6. h3 Nbd7 7. Be3 e5 8. d5 Nc5
9. Nd2 a5 10. Be2 Bd7 11. g4 c6 12. a3 a4 13. Qc2 Qa5 14. O-O-O cxd5 15. exd5
Rfc8 16. Kb1 1/2-1/2

[Event "10th American Continental"]
[Site "Montevideo URU"]
[Date "2015.05.17"]
[Round "4.2"]
[White "Perez Ponsa, Federico"]
[Black "Iturrizaga Bonelli, Eduardo"]
[Result "1/2-1/2"]
[WhiteTitle "GM"]
[BlackTitle "GM"]
[WhiteElo "2533"]
[BlackElo "2613"]
[WhiteFideId "117927"]
[BlackFideId "3901211"]
[EventDate "2015.05.15"]
[EventType "swiss"]

1. e4 c5 2. Nf3 e6 3. d4 cxd4 4. Nxd4 Nc6 5. Nc3 Qc7 6. Be3 a6 7. Qd2 Nf6 8. f4
Bb4 9. Bd3 Na5 10. a3 Bxc3 11. Qxc3 Qxc3+ 12. bxc3 d5 13. exd5 Nxd5 14. Bd2 Nb6
15. Rb1 Nbc4 16. Rb4 Nxd2 17. Kxd2 Kd7 18. Be4 Rb8 19. Nb3 Nc6 20. Bxc6+ Kxc6
21. Rb1 Rd8+ 22. Nd4+ Kc5 23. Ke3 Rd5 24. Rb6 Rd6 25. R1b5+ 1/2-1/2

[Event "10th American Continental"]
[Site "Montevideo URU"]
[Date "2015.05.17"]
[Round "4.3"]
[White "El Debs, Felipe de Cresce"]
[Black "Cori, Jorge"]
[Result "1/2-1/2"]
[WhiteTitle "GM"]
[BlackTitle "GM"]
[WhiteElo "2527"]
[BlackElo "2609"]
[WhiteFideId "2106981"]
[BlackFideId "3802272"]
[EventDate "2015.05.15"]
[EventType "swiss"]

1. d4 Nf6 2. c4 e6 3. Nc3 Bb4 4. e3 b6 5. Ne2 Bb7 6. a3 Bxc3+ 7. Nxc3 d6 8. d5
O-O 9. Be2 Nbd7 10. O-O a5 11. Rb1 a4 12. dxe6 fxe6 13. Nxa4 Ne4 14. f3 Bc6 15.
Nc3 Nxc3 16. bxc3 Qf6 17. Qe1 Nc5 18. e4 Kh8 19. Ra1 Nb3 20. Ra2 Nxc1 21. Qxc1
e5 22. Qe3 Bd7 23. Rb1 Ra5 24. Bd1 Rfa8 25. a4 Qf7 26. Bb3 Be6 27. Qe2 h6 28.
Ra3 Rc5 29. Ba2 Rca5 30. Rb4 R5a6 31. Bb1 Qf4 32. Qe1 Ra5 33. Bd3 Bd7 34. Bc2 g5
35. Ra1 Rf8 36. Qc1 g4 37. Qxf4 exf4 38. fxg4 h5 39. h3 hxg4 1/2-1/2

[Event "10th American Continental"]
[Site "Montevideo URU"]
[Date "2015.05.17"]
[Round "4.4"]
[White "Santiago, Yago De Moura"]
[Black "Mareco, Sandro"]
[Result "1-0"]
[WhiteTitle "IM"]
[BlackTitle "GM"]
[WhiteElo "2400"]
[BlackElo "2581"]
[WhiteFideId "2103877"]
[BlackFideId "112275"]
[EventDate "2015.05.15"]
[EventType "swiss"]

1. c4 e5 2. Nc3 Nf6 3. Nf3 Nc6 4. a3 g6 5. g3 Bg7 6. Bg2 O-O 7. d3 h6 8. O-O d6
9. Rb1 Be6 10. Nd2 Qd7 11. b4 Bh3 12. b5 Bxg2 13. Kxg2 Ne7 14. a4 Nh7 15. Nf3 f5
16. Qb3 Kh8 17. Nd5 g5 18. Nxe7 Qxe7 19. e3 Rf7 20. c5 dxc5 21. Bb2 Kg8 22. e4
fxe4 23. dxe4 Re8 24. Rbd1 Nf8 25. h4 Bf6 26. Rd5 Qe6 27. Qe3 gxh4 28. Rxc5 Rg7
29. Bxe5 hxg3 30. fxg3 Nd7 31. Nd4 Qb6 32. Bxf6 Nxf6 33. Nf5 Rg6 34. Nxh6+ Kh7
35. Rh1 Rxe4 36. Qb3 Re2+ 37. Kf1 Re6 38. Nf5+ Kg8 39. a5 Qxc5 40. Qxe6+ Kf8 41.
Rh8+ Ng8 42. Qc8+ Kf7 43. Rh7+ Kf6 44. Qd8+ Ke5 45. Qxc7+ Qxc7 46. Rxc7 Kxf5 47.
Rxb7 Rxg3 48. Rxa7 Rb3 49. b6 Rb5 50. b7 Ke4 51. a6 Kf3 52. Ke1 Ke3 53. Kd1 Kd3
54. Kc1 Ne7 55. Ra8 Nc6 56. Rc8 Nb4 57. Rd8+ Ke2 58. a7 Na2+ 59. Kc2 1-0

[Event "10th American Continental"]
[Site "Montevideo URU"]
[Date "2015.05.17"]
[Round "4.5"]
[White "Di Berardino, Diego Rafael"]
[Black "Lenderman, Aleksandr"]
[Result "1/2-1/2"]
[WhiteTitle "IM"]
[BlackTitle "GM"]
[WhiteElo "2489"]
[BlackElo "2636"]
[WhiteFideId "2105446"]
[BlackFideId "2021285"]
[EventDate "2015.05.15"]
[EventType "swiss"]

1. e4 e6 2. d4 d5 3. Nd2 c5 4. exd5 Qxd5 5. dxc5 Bxc5 6. Ngf3 Nf6 7. Bc4 Qc6 8.
O-O O-O 9. Qe2 a6 10. Bd3 Nbd7 11. Ne4 b6 12. Ne5 Nxe5 13. Nxf6+ gxf6 14. Be4
Qc7 15. Bxa8 Bd7 16. Be4 f5 17. Bd3 Ng4 18. g3 Bc6 19. Bf4 Qb7 20. b4 Bf3 21.
Qe1 Bd4 22. c3 Bg7 23. h3 Nf6 24. Qe3 Bg2 25. Bxa6 Qa8 26. Rfd1 Bxh3 27. Bf1
Bxf1 28. Rxf1 Nd5 29. Qf3 Nxc3 30. Qh5 Ne4 31. Rad1 Qxa2 32. Bh6 Qb2 33. Bxg7
Kxg7 34. f3 Nxg3 35. Qg5+ Kh8 36. Rd8 Ne2+ 37. Kh1 Ng3+ 38. Kg1 Ne2+ 39. Kh1 1/2-1/2

[Event "10th American Continental"]
[Site "Montevideo URU"]
[Date "2015.05.17"]
[Round "4.6"]
[White "Cordova, Emilio"]
[Black "Alonso, Salvador"]
[Result "1/2-1/2"]
[WhiteTitle "GM"]
[BlackTitle "GM"]
[WhiteElo "2629"]
[BlackElo "2488"]
[WhiteFideId "3801497"]
[BlackFideId "105198"]
[EventDate "2015.05.15"]
[EventType "swiss"]

1. Nf3 c5 2. c4 Nc6 3. g3 g6 4. Nc3 Bg7 5. Bg2 e6 6. d3 Nge7 7. Bg5 h6 8. Bd2 d6
9. a3 b6 10. b4 Bb7 11. O-O Qd7 12. Qa4 O-O 13. Rfd1 Rfd8 14. Rab1 Rac8 15. e3
Ba8 16. Be1 Nf5 17. Nb5 Bb7 18. Qb3 a6 19. Nc3 Ncd4 20. Nxd4 cxd4 21. Bxb7 Qxb7 1/2-1/2

[Event "10th American Continental"]
[Site "Montevideo URU"]
[Date "2015.05.17"]
[Round "4.7"]
[White "Felgaer, Ruben"]
[Black "Terry, Renato"]
[Result "1-0"]
[WhiteTitle "GM"]
[BlackTitle "FM"]
[WhiteElo "2582"]
[BlackElo "2464"]
[WhiteFideId "107069"]
[BlackFideId "3803457"]
[EventDate "2015.05.15"]
[EventType "swiss"]

1. e4 g6 2. d4 Bg7 3. Nc3 c6 4. f4 d5 5. e5 Nh6 6. Nf3 Bg4 7. Be3 Qb6 8. Rb1 f6
9. Bf2 fxe5 10. dxe5 Qb4 11. g3 O-O 12. a3 Qa5 13. Be2 Qd8 14. Ng5 Bxe2 15. Nxe2
Qc8 16. Nd4 Nf7 17. h4 Nxg5 18. hxg5 Na6 19. Nf3 Qf5 20. Qd3 Nc7 21. Qxf5 Rxf5
22. Ke2 Rf7 23. a4 Bf8 24. Nh2 h5 25. gxh6 Bxh6 26. Nf3 Bg7 27. Rh4 Ne6 28. Rg4
Nf8 29. Nh4 e6 30. Nxg6 Nxg6 31. Rxg6 Re7 32. a5 Kf7 33. Rg4 Ree8 34. Rh1 Rh8
35. Rxh8 Rxh8 36. Bxa7 Rh1 37. Bb6 Rh2+ 38. Bf2 Rh1 39. Rh4 Ra1 40. b4 Kg6 41.
Rg4+ Kf7 42. Bc5 Ra3 43. Bd4 Bf8 44. c3 Be7 45. f5 exf5 46. Rf4 Ke6 47. g4 fxg4
48. Rxg4 c5 49. bxc5 Rxa5 50. Kd3 Kf7 51. Rg3 Bxc5 52. Bxc5 Rxc5 53. Kd4 b6 54.
Rh3 Rb5 55. Rh6 Ke7 56. Rd6 Rb3 57. Rxd5 b5 58. Rc5 b4 59. c4 Rb1 60. Rb5 Kd7
61. Kc5 b3 62. Kb6 Ke6 63. c5 Kxe5 64. c6+ Kd6 65. Kb7 b2 66. Rb6 Rc1 67. Rxb2
Rc3 68. Rd2+ Ke7 69. c7 Rb3+ 70. Kc8 Rc3 71. Re2+ Kf7 72. Re4 Rc1 73. Kd7 Rd1+
74. Kc6 Rc1+ 75. Kd6 Kf8 76. Re5 1-0

[Event "10th American Continental"]
[Site "Montevideo URU"]
[Date "2015.05.17"]
[Round "4.9"]
[White "Shabalov, Alexander"]
[Black "Mekhitarian, Krikor Sevag"]
[Result "1-0"]
[WhiteTitle "GM"]
[BlackTitle "GM"]
[WhiteElo "2523"]
[BlackElo "2572"]
[WhiteFideId "2008572"]
[BlackFideId "2107660"]
[EventDate "2015.05.15"]
[EventType "swiss"]

1. e4 e5 2. Nf3 Nc6 3. Bb5 Nf6 4. Qe2 Bc5 5. c3 O-O 6. d3 Re8 7. Nbd2 d5 8. O-O
Bf8 9. Re1 Bd7 10. Ba4 h6 11. Nf1 Rb8 12. Ng3 b5 13. Bc2 d4 14. cxd4 exd4 15.
Bd2 Be6 16. Qd1 Nb4 17. Bb1 a5 18. Ne5 Qd6 19. f4 c5 20. a3 Nc6 21. Nxc6 Qxc6
22. Bxa5 b4 23. f5 Bc8 24. Bc2 b3 25. Bxb3 Qb5 26. e5 Qxb3 27. Qxb3 Rxb3 28.
exf6 Re3 29. Rxe3 dxe3 30. Bc3 gxf6 31. Re1 c4 32. Rxe3 cxd3 33. Re8 Bd7 34. Rd8
Rb7 35. Ne4 Bxf5 36. Nxf6+ Kg7 37. Nd7+ f6 38. Nxf8 Re7 39. Rd5 Bc8 40. Rxd3 1-0

[Event "10th American Continental"]
[Site "Montevideo URU"]
[Date "2015.05.17"]
[Round "4.10"]
[White "Flores, Diego"]
[Black "Supi, Luis Paulo"]
[Result "1/2-1/2"]
[WhiteTitle "GM"]
[BlackTitle "IM"]
[WhiteElo "2567"]
[BlackElo "2416"]
[WhiteFideId "108049"]
[BlackFideId "2106388"]
[EventDate "2015.05.15"]
[EventType "swiss"]

1. g3 g6 2. Bg2 Bg7 3. e4 c5 4. f4 Nc6 5. Nf3 e6 6. O-O Nge7 7. c3 d6 8. Na3 O-O
9. d4 cxd4 10. cxd4 Qb6 11. Kh1 Nxd4 12. Nc4 Qa6 13. Nxd6 Rd8 14. e5 Nb5 15.
Nxc8 Raxc8 16. Qe2 Nf5 17. Qe4 b6 18. Bd2 Nbd4 19. Rfd1 Nxf3 20. Qxf3 Rd4 21.
Bf1 Qa4 22. Bc3 Rxd1 23. Qxd1 Qxd1 24. Rxd1 Ne3 25. Rc1 g5 26. Ba6 Rd8 27. fxg5
Nd1 28. Bb4 Nf2+ 29. Kg2 Ng4 30. Be7 Re8 31. Bf6 Nxe5 32. Rc7 Bxf6 33. gxf6 Rd8
34. Be2 h6 35. Bh5 Rd2+ 36. Kg1 Rxb2 37. Rxa7 Rb1+ 38. Kf2 Rb2+ 39. Kg1 Rb1+ 40.
Kf2 Rb2+ 41. Ke3 Rxh2 42. g4 Rh1 43. Kf4 Re1 44. Rb7 Nd3+ 45. Kf3 Ne5+ 46. Kf4
Nd3+ 47. Kf3 Ne5+ 1/2-1/2

[Event "10th American Continental"]
[Site "Montevideo URU"]
[Date "2015.05.17"]
[Round "4.11"]
[White "Quintiliano Pinto, Renato R."]
[Black "Kaidanov, Gregory S"]
[Result "1/2-1/2"]
[WhiteTitle "FM"]
[BlackTitle "GM"]
[WhiteElo "2411"]
[BlackElo "2566"]
[WhiteFideId "2117568"]
[BlackFideId "2008564"]
[EventDate "2015.05.15"]
[EventType "swiss"]

1. d4 e6 2. c4 Nf6 3. Nf3 d5 4. Nc3 c6 5. e3 Nbd7 6. Qc2 Bd6 7. g4 Nxg4 8. Rg1
Qf6 9. Rxg4 Qxf3 10. Rxg7 Nf6 11. h3 h6 12. Bd2 Kf8 13. Rg1 Rg8 14. Rxg8+ Kxg8
15. Be2 Qh1+ 16. Bf1 Qf3 17. Be2 Qh1+ 18. Bf1 1/2-1/2

[Event "10th American Continental"]
[Site "Montevideo URU"]
[Date "2015.05.17"]
[Round "4.12"]
[White "Martinez Romero, Martin"]
[Black "Hevia Alejano, Carlos Antonio"]
[Result "0-1"]
[WhiteTitle "IM"]
[BlackTitle "IM"]
[WhiteElo "2404"]
[BlackElo "2535"]
[WhiteFideId "4404025"]
[BlackFideId "3508811"]
[EventDate "2015.05.15"]
[EventType "swiss"]

1. e4 c5 2. Nf3 Nc6 3. d4 cxd4 4. Nxd4 Qb6 5. Nb3 e6 6. Be3 Qc7 7. a3 Nf6 8. Nc3
d6 9. f4 a6 10. Qf3 b5 11. O-O-O Bb7 12. Bxb5 axb5 13. Nxb5 Qc8 14. Bb6 Be7 15.
Nc7+ Kf8 16. Nxa8 Qxa8 17. Rhe1 h5 18. Qc3 Kg8 19. Kb1 d5 20. Nd2 Kh7 21. Qh3
Qa6 22. Bf2 dxe4 23. Nxe4 Rb8 24. Rd3 Kg8 25. Nxf6+ Bxf6 26. Qxh5 Ba8 27. Rb3
Rxb3 28. cxb3 Na5 29. Qd1 Bd5 30. Re3 Nxb3 31. f5 Qc4 32. fxe6 Bxe6 33. Qc2 Qb5
34. g4 Nd4 35. Qd3 Qd5 36. Rxe6 fxe6 37. g5 Qxg5 0-1

[Event "10th American Continental"]
[Site "Montevideo URU"]
[Date "2015.05.17"]
[Round "4.13"]
[White "Pierrot, Facundo"]
[Black "Matamoros Franco, Carlos S."]
[Result "1/2-1/2"]
[WhiteTitle "IM"]
[BlackTitle "GM"]
[WhiteElo "2377"]
[BlackElo "2525"]
[WhiteFideId "103250"]
[BlackFideId "3600017"]
[EventDate "2015.05.15"]
[EventType "swiss"]

1. e4 e6 2. d4 d5 3. Nd2 c5 4. exd5 exd5 5. Ngf3 Nf6 6. Bb5+ Bd7 7. Bxd7+ Nbxd7
8. O-O Be7 9. dxc5 Nxc5 10. Nd4 Qd7 11. Re1 O-O 12. Nf1 Rfe8 13. Bf4 Bf8 14. Qf3
Re4 15. Be3 Na4 16. Ng3 Re5 17. b3 Nc3 18. Bg5 Rxe1+ 19. Rxe1 Nfe4 20. Nxe4 Nxe4
21. Be3 Re8 22. h3 g6 23. Qg4 Qc7 24. Qe2 a6 25. Qd3 Qa5 26. Nf3 Ng5 27. Bxg5
Rxe1+ 28. Nxe1 Qxe1+ 1/2-1/2

[Event "10th American Continental"]
[Site "Montevideo URU"]
[Date "2015.05.17"]
[Round "4.14"]
[White "Granda Zuniga, Julio E"]
[Black "Teixeira, Ricardo da Silva"]
[Result "1-0"]
[WhiteTitle "GM"]
[BlackTitle "FM"]
[WhiteElo "2650"]
[BlackElo "2223"]
[WhiteFideId "3800024"]
[BlackFideId "2100126"]
[EventDate "2015.05.15"]
[EventType "swiss"]

1. c4 f5 2. d4 Nf6 3. e3 e6 4. Bd3 b6 5. Ne2 Bb7 6. f3 Bb4+ 7. Nbc3 c5 8. O-O
O-O 9. d5 Bxc3 10. Nxc3 Kh8 11. e4 fxe4 12. fxe4 e5 13. g4 d6 14. g5 Ng8 15.
Rxf8 Qxf8 16. Qg4 Bc8 17. Qg3 Bd7 18. Bd2 Be8 19. Rf1 Qe7 20. Nd1 Bh5 21. Ne3 g6
22. Qh4 Nd7 23. Nf5 gxf5 24. Qxh5 f4 25. Kh1 Rf8 26. Be2 Rf7 27. Rg1 Rg7 28. h4
Nf8 29. Be1 Qf7 30. Qxf7 Rxf7 31. h5 f3 32. Rf1 h6 33. g6 Rf4 34. Bxf3 Nf6 35.
Kg2 1-0

[Event "10th American Continental"]
[Site "Montevideo URU"]
[Date "2015.05.17"]
[Round "4.15"]
[White "Curi, Gabriel"]
[Black "Quesada Perez, Yuniesky"]
[Result "0-1"]
[WhiteTitle "FM"]
[BlackTitle "GM"]
[WhiteElo "2253"]
[BlackElo "2645"]
[WhiteFideId "3000400"]
[BlackFideId "3504409"]
[EventDate "2015.05.15"]
[EventType "swiss"]

1. d4 Nf6 2. c4 e6 3. Nc3 Bb4 4. f3 d5 5. a3 Bxc3+ 6. bxc3 c6 7. e3 b6 8. cxd5
cxd5 9. Bb5+ Bd7 10. a4 Bxb5 11. axb5 O-O 12. Ba3 Re8 13. Ne2 a6 14. Bb4 a5 15.
Ba3 Qc7 16. O-O Qc4 17. Rb1 Nbd7 18. Rf2 e5 19. Qb3 Rac8 20. Qxc4 Rxc4 21. Rb3
e4 22. Bc1 g6 23. Rf1 Ra4 24. Kf2 Kg7 25. Ra3 Rc4 26. Bd2 Nf8 27. Nf4 Ne6 28.
Nxe6+ Rxe6 29. Rb1 Ne8 30. Ke2 Nd6 31. f4 Re8 32. Kd1 Ra8 33. Kc2 h6 34. Bc1 g5
35. g3 Kg6 36. Rab3 Rc7 37. Kd2 Kh5 38. Ra1 Kg4 39. Ba3 Nc4+ 40. Ke2 gxf4 41.
exf4 Kh3 42. Rbb1 f5 43. Kf2 Nd2 44. Rb2 Nf3 45. Rb3 Rac8 0-1

[Event "10th American Continental"]
[Site "Montevideo URU"]
[Date "2015.05.17"]
[Round "4.17"]
[White "Gonzalez Vidal, Yuri"]
[Black "Sanhueza, Cristian"]
[Result "1/2-1/2"]
[WhiteTitle "GM"]
[WhiteElo "2550"]
[BlackElo "2195"]
[WhiteFideId "3503321"]
[BlackFideId "116815"]
[EventDate "2015.05.15"]
[EventType "swiss"]

1. e4 c5 2. Nf3 d6 3. d4 cxd4 4. Nxd4 Nf6 5. Nc3 g6 6. Be3 Bg7 7. f3 O-O 8. Qd2
Nc6 9. g4 Nxd4 10. Bxd4 Be6 11. h4 Qa5 12. a3 Rfc8 13. Rh2 Rab8 14. h5 a6 15.
hxg6 hxg6 16. O-O-O b5 17. Qg5 Bc4 18. Bxc4 Rxc4 19. Nd5 Rxd4 20. Nxe7+ Kf8 21.
Rxd4 Kxe7 22. c3 Rc8 23. Rhd2 Rc5 24. Qf4 Ne8 25. Rxd6 Rxc3+ 26. Kb1 Rc1+ 27.
Ka2 Nxd6 28. Qxd6+ Ke8 29. Qb8+ Ke7 30. Qd6+ Ke8 31. Qb8+ Ke7 32. Qd6+ Ke8 1/2-1/2

[Event "10th American Continental"]
[Site "Montevideo URU"]
[Date "2015.05.17"]
[Round "4.18"]
[White "Caetano, Hugo Zanotti Mendonca"]
[Black "Yermolinsky, Alex"]
[Result "1/2-1/2"]
[BlackTitle "GM"]
[WhiteElo "2199"]
[BlackElo "2531"]
[WhiteFideId "2119420"]
[BlackFideId "2005492"]
[EventDate "2015.05.15"]
[EventType "swiss"]

1. d4 Nf6 2. c4 e6 3. Nf3 b6 4. a3 d5 5. cxd5 exd5 6. Nc3 Be7 7. Bg5 O-O 8. e3
Be6 9. Bd3 Nbd7 10. O-O h6 11. Bh4 c5 12. dxc5 bxc5 13. Qc2 Nh5 14. Bxe7 Qxe7
15. Bf5 Nhf6 16. Rfd1 Rab8 17. Rab1 Rb7 18. b4 cxb4 19. Nd4 Rc7 20. axb4 Bxf5
21. Nxf5 Qe5 22. Nd4 Ng4 23. h3 Nxe3 24. fxe3 Qxe3+ 25. Qf2 Qxf2+ 26. Kxf2 Rxc3
27. Nb5 Rc2+ 28. Kg1 Re8 29. Rxd5 Nf6 30. Rc5 Rd2 31. Nc3 Re3 32. Kh2 g5 33. Rd1
Rxd1 34. Nxd1 Ra3 35. Nc3 Kg7 36. Rc7 Rb3 37. Rc4 h5 38. Rc5 g4 39. hxg4 Nxg4+
40. Kh3 Kg6 41. b5 f6 42. Kg3 Ne3 43. Ne2 h4+ 44. Kh3 Nf5+ 45. Kg4 Ne3+ 46. Kh3
Rb4 47. g3 hxg3 48. Kxg3 Rc4 49. Nf4+ Kf7 50. Rh5 Kg7 51. Kf3 Nc2 52. Rd5 Ra4
53. Rd6 Ra3+ 54. Kf2 1/2-1/2

[Event "10th American Continental"]
[Site "Montevideo URU"]
[Date "2015.05.17"]
[Round "4.19"]
[White "Sanchez Sandoval, Gonzalo"]
[Black "Rodriguez Vila, Andres"]
[Result "0-1"]
[BlackTitle "GM"]
[WhiteElo "2187"]
[BlackElo "2485"]
[WhiteFideId "3414167"]
[BlackFideId "3000010"]
[EventDate "2015.05.15"]
[EventType "swiss"]

1. e4 e6 2. d4 d5 3. Nc3 Bb4 4. e5 Ne7 5. a3 Bxc3+ 6. bxc3 b6 7. Qg4 Ng6 8. a4
Ba6 9. Bxa6 Nxa6 10. h4 h5 11. Qe2 Nb8 12. Bg5 Qd7 13. a5 Nc6 14. axb6 cxb6 15.
Qf3 Nce7 16. Ne2 Nf5 17. g3 Rc8 18. O-O Rc7 19. Rfb1 Nge7 20. Nf4 g6 21. Bf6 Rh7
22. Qd3 Nc6 23. Nh3 Na5 24. Ng5 Rh6 25. Rxa5 bxa5 26. Qa6 Qc6 27. Qxc6+ Rxc6 28.
Rb7 a6 29. f3 Rxc3 30. Rb8+ Kd7 31. Nxf7 a4 32. Rb6 a3 33. Rxa6 Rxf3 34. Nd6
Nxd4 35. Nf7 Rxg3+ 36. Kf2 Rf3+ 37. Ke1 Nxc2+ 38. Kd1 Nb4 39. Ra7+ Kc6 40. Nxh6
Kb6 41. Ra8 a2 42. Kc1 Rf1+ 43. Kb2 Rb1+ 0-1

[Event "10th American Continental"]
[Site "Montevideo URU"]
[Date "2015.05.17"]
[Round "4.20"]
[White "Izquierdo, Daniel"]
[Black "Henriquez Villagra, Cristobal"]
[Result "0-1"]
[WhiteTitle "FM"]
[BlackTitle "IM"]
[WhiteElo "2190"]
[BlackElo "2478"]
[WhiteFideId "3000044"]
[BlackFideId "3409350"]
[EventDate "2015.05.15"]
[EventType "swiss"]

1. Nf3 c5 2. e3 Nf6 3. d4 e6 4. Bd3 Nc6 5. a3 b6 6. O-O Be7 7. Nbd2 O-O 8. b3
Bb7 9. Bb2 a6 10. Qe2 Qc7 11. Rfe1 d6 12. c3 d5 13. dxc5 bxc5 14. e4 Rfe8 15. e5
Nd7 16. c4 Nf8 17. h4 a5 18. a4 Nb4 19. Bb1 Rad8 20. h5 h6 21. Nh2 d4 22. Ng4 d3
23. Qe3 Qc6 24. Qg3 Bg5 25. Nf3 Nh7 26. Rd1 Re7 27. Bc3 Red7 28. Nxg5 Nxg5 29.
Bd2 Ne4 30. Nf6+ Kh8 31. Nxe4 Qxe4 32. Be3 Nc2 33. Ra2 Nxe3 34. fxe3 Qf5 35.
Rad2 Qxh5 36. Bxd3 Qg5 37. Qf2 Qxe5 38. Bf1 Rxd2 39. Rxd2 Rxd2 40. Qxd2 Qc7 41.
Kf2 h5 42. Be2 h4 43. Kf1 Qg3 44. Bd3 f5 45. Qxa5 Bxg2+ 46. Ke2 h3 47. Qd8+ Kh7
48. Qe8 Qg4+ 49. Kd2 h2 50. Qxe6 Be4 51. Be2 Qg6 0-1

[Event "10th American Continental"]
[Site "Montevideo URU"]
[Date "2015.05.17"]
[Round "4.21"]
[White "Vera Siguenas, Deivy"]
[Black "Markzon, Gregory"]
[Result "1-0"]
[WhiteTitle "IM"]
[BlackTitle "FM"]
[WhiteElo "2469"]
[BlackElo "2156"]
[WhiteFideId "3804623"]
[BlackFideId "2003694"]
[EventDate "2015.05.15"]
[EventType "swiss"]

1. e4 e5 2. Nf3 Nc6 3. Bb5 a6 4. Ba4 Nf6 5. O-O Be7 6. Re1 b5 7. Bb3 d6 8. c3
O-O 9. h3 Nb8 10. d4 Nbd7 11. Nbd2 Bb7 12. Bc2 Re8 13. Nf1 Bf8 14. Ng3 g6 15. a4
Bg7 16. Bd3 c6 17. Bg5 h6 18. Bd2 Nb6 19. axb5 axb5 20. Rxa8 Qxa8 21. Qc1 Kh7
22. h4 Ng4 23. Qd1 Qc8 24. h5 Bf6 25. Be2 Kg7 26. Rf1 Bd8 27. Nxe5 Nxe5 28. dxe5
dxe5 29. Qc1 Rh8 30. Be3 Nd7 31. f4 Bh4 32. Bf2 Bf6 33. hxg6 fxg6 34. f5 Bg5 35.
Be3 Bh4 36. Qe1 Bg5 37. Qd2 Qd8 38. fxg6 Rf8 39. Rd1 Nb6 40. Nh5+ Kxg6 41. Bxg5
Qxg5 42. Qd6+ 1-0

[Event "10th American Continental"]
[Site "Montevideo URU"]
[Date "2015.05.17"]
[Round "4.22"]
[White "Molina, Roberto Junio Brito"]
[Black "Arcos Facio, Mateo"]
[Result "1-0"]
[WhiteTitle "IM"]
[BlackTitle "FM"]
[WhiteElo "2455"]
[BlackElo "2184"]
[WhiteFideId "2109450"]
[BlackFideId "3001199"]
[EventDate "2015.05.15"]
[EventType "swiss"]

1. d4 Nf6 2. c4 g6 3. Nc3 Bg7 4. e4 d6 5. f3 O-O 6. Be3 e5 7. d5 c6 8. Qd2 cxd5
9. cxd5 a6 10. O-O-O Nh5 11. Kb1 Nd7 12. Rc1 b5 13. g4 Nf4 14. Nge2 Qa5 15. h4
Rb8 16. h5 b4 17. Nd1 Qa4 18. b3 Qa5 19. Nb2 Nf6 20. Nxf4 exf4 21. Bxf4 Bxg4 22.
Bg2 Nxd5 23. Nc4 Nc3+ 24. Qxc3 bxc3 25. Nxa5 Rb5 26. fxg4 Rxa5 27. Bxd6 Rd8 28.
Bc7 Rd2 29. Bxa5 Rb2+ 30. Ka1 c2 31. a4 Rxb3+ 32. Ka2 Rb2+ 33. Ka3 Be5 34. Rh3 1-0

[Event "10th American Continental"]
[Site "Montevideo URU"]
[Date "2015.05.17"]
[Round "4.23"]
[White "Cori T., Deysi"]
[Black "Lopez Falcon, Jorge"]
[Result "1-0"]
[WhiteTitle "WGM"]
[WhiteElo "2431"]
[BlackElo "2138"]
[WhiteFideId "3801934"]
[BlackFideId "3000850"]
[EventDate "2015.05.15"]
[EventType "swiss"]

1. d4 Nf6 2. c4 c5 3. d5 b5 4. cxb5 a6 5. b6 d6 6. Nc3 g6 7. Qa4+ Nbd7 8. h4 Bg7
9. Nh3 Qxb6 10. Nf4 h5 11. f3 O-O 12. Rb1 Ne5 13. e4 Bd7 14. Qc2 Bb5 15. b3 Rfc8
16. Be3 Bxf1 17. Rxf1 a5 18. Nd3 Nfd7 19. Nxe5 Nxe5 20. Kf2 Qa6 21. Kg3 c4 22.
Bd4 Rab8 23. Qe2 Qa8 24. f4 cxb3 25. axb3 Nd7 26. Bxg7 Kxg7 27. Rf3 Qa7 28. Qb2
Kg8 29. Qd2 Nc5 30. f5 Nd7 31. fxg6 fxg6 32. Ne2 Nf6 33. Qh6 Rf8 34. Qxg6+ Kh8
35. Qh6+ Kg8 36. Nf4 Rf7 37. Kh3 Rg7 38. Rbf1 Rf8 39. Ne6 Qd7 1-0